000 00764cam a2200277 4500500
005 20260329005248.0
041 _afre
042 _adc
100 1 0 _aMorisson, Batiste
_eauthor
245 0 0 _aQuand la machine raconte des histoires
260 _c2023.
500 _a37
690 _aBergson
690 _aCapacité
690 _aCréation
690 _aÉcriture
690 _aFiction
690 _aIntelligence Artificielle
690 _aInvention
690 _aMachine
690 _aNarration
690 _aRécit
690 _aTechnologie
786 0 _nPhilosophie magazine | 166 | 1 | 2023-02-01 | p. 11-11 | 1951-1787
856 4 1 _uhttps://shs.cairn.info/magazine-philosophie-magazine-2023-1-page-11?lang=fr&redirect-ssocas=7080
999 _c1841785
_d1841785